000 00519nam a22001697a 4500
999 _c41795
_d41795
003 OSt
005 20221109142006.0
008 221109b ||||| |||| 00| 0 eng d
020 _a8185860602
040 _coclc
082 _a581.2
_bCHA/I
100 _99295
_aChaube, Hariday S
245 _aIntroductory plant pathology /
_cHariday S Chaube, Ramji Singh.
260 _aLucknow
_bInternational Book distributing,
_c2004.
300 _a444 pages
942 _2ddc
_cBK
_h581.2
_iCHA/I
_k581.2
_mCHA/I